[Event "Kolobrzeg op 14th"]
[Site "Kolobrzeg"]
[Date "2013.07.07"]
[Round "7.5"]
[White "Kopertowski, Slawomir"]
[Black "Krawiec, Stanislaw"]
[Result "1-0"]
[WhiteElo "1502"]
[BlackElo "1602"]
[PlyCount "67"]
[EventDate "2013.07.01"]
[EventType "swiss"]
[EventRounds "9"]
[EventCountry "POL"]
[SourceTitle "EXT 2023"]
[Source "ChessBase"]
[SourceDate "2022.10.05"]
[SourceVersion "1"]
[SourceVersionDate "2022.10.05"]
[SourceQuality "1"]

1. e4 e5 2. f4 Nc6 3. Nf3 d6 4. Bc4 Be7 5. 0-0 Bg4 6. Bxf7+ Kxf7 7. Ng5+ Bxg5 8. fxg5+ Nf6 9. Qxg4 Nd4 10. gxf6 g6 11. Na3 h5 12. Qd1 c6 13. c3 Ne6 14. Qb3 Qd7 15. d4 exd4 16. cxd4 Kf8 17. Be3 Rh7 18. Rad1 d5 19. e5 Kf7 20. Qd3 h4 21. Nc2 Rd8 22. Ne1 b6 23. Nf3 Rh5 24. Qd2 c5 25. Ng5+ Rxg5 26. Bxg5 Nxd4 27. Rf4 Ne6 28. Rxh4 Nf8 29. Rh8 d4 30. Bh6 Qd5 31. Rxf8+ Rxf8 32. Bxf8 Kxf8 33. Qh6+ Kf7 34. Qg7+ 1-0

[Event "Kolobrzeg op 14th"]
[Site "Kolobrzeg"]
[Date "2013.07.06"]
[Round "6.6"]
[White "Krawiec, Stanislaw"]
[Black "Blaschke, Josef"]
[Result "1-0"]
[WhiteElo "1602"]
[BlackElo "1506"]
[PlyCount "59"]
[EventDate "2013.07.01"]
[EventType "swiss"]
[EventRounds "9"]
[EventCountry "POL"]
[SourceTitle "EXT 2023"]
[Source "ChessBase"]
[SourceDate "2022.10.05"]
[SourceVersion "1"]
[SourceVersionDate "2022.10.05"]
[SourceQuality "1"]

1. d4 c6 2. Nf3 h6 3. c4 d5 4. Nc3 dxc4 5. e4 b5 6. b4 Bg4 7. Be2 Nd7 8. d5 Bxf3 9. Bxf3 Ne5 10. Be2 a6 11. f4 Ng6 12. 0-0 e6 13. a3 Qb6+ 14. Kh1 Rd8 15. Rf3 cxd5 16. exd5 Nh4 17. Rh3 Ng6 18. Be3 Qc7 19. Qf1 exd5 20. Qf2 Nf6 21. Bb6 Qxf4 22. Rf3 Qxh2+ 23. Kxh2 Ng4+ 24. Kg1 Nxf2 25. Bxd8 Ne4 26. Bb6 Bd6 27. Nxd5 Be5 28. Rd1 0-0 29. Re3 c3 30. Rxe4 1-0

[Event "Kolobrzeg op 14th"]
[Site "Kolobrzeg"]
[Date "2013.07.04"]
[Round "4.2"]
[White "Krawiec, Stanislaw"]
[Black "Kokoszczynski, Jan"]
[Result "0-1"]
[WhiteElo "1602"]
[BlackElo "1719"]
[PlyCount "118"]
[EventDate "2013.07.01"]
[EventType "swiss"]
[EventRounds "9"]
[EventCountry "POL"]
[SourceTitle "EXT 2023"]
[Source "ChessBase"]
[SourceDate "2022.10.05"]
[SourceVersion "1"]
[SourceVersionDate "2022.10.05"]
[SourceQuality "1"]

1. d4 Nf6 2. Nf3 c5 3. e3 e6 4. c4 b6 5. Nc3 Bb7 6. Bd3 Be7 7. 0-0 0-0 8. e4 cxd4 9. Nxd4 d6 10. Re1 Kh8 11. b3 a6 12. f4 Re8 13. Nf3 e5 14. Kh1 Nbd7 15. Nd5 Nxd5 16. exd5 Bf6 17. Rb1 Re7 18. b4 Qe8 19. Qc2 Rc8 20. Be4 b5 21. f5 Rxc4 22. Qf2 Qa8 23. Nd2 Rc8 24. Rb3 Bxd5 25. Rh3 h6 26. Bxd5 Qxd5 27. Ne4 Rxc1 28. Rxc1 Qxe4 29. a3 Bg5 30. Re1 Qc4 31. Qf3 Bf6 32. g4 Nb6 33. Qg3 Qd5+ 34. Kg1 Bg5 35. Rh5 Qd4+ 36. Kf1 Nd5 37. h4 Qf4+ 38. Qxf4 Bxf4 39. g5 Bg3 40. Rc1 Kh7 41. Rc6 Rd7 42. Rxa6 Nf4 43. g6+ fxg6 44. fxg6+ Nxg6 45. Rf5 e4 46. h5 Nf4 47. Rf8 e3 48. Re8 e2+ 49. Rxe2 Nxe2 50. Kxe2 Rb7 51. Kf3 Be5 52. Ke4 g6 53. hxg6+ Kxg6 54. Ra8 h5 55. Rg8+ Bg7 56. Kf3 Kg5 57. Rd8 Be5 58. Rg8+ Kf5 59. Rf8+ Bf6 0-1

[Event "Polanica Zdroj op-B 47th"]
[Site "Polanica Zdroj"]
[Date "2011.??.??"]
[Round "9"]
[White "Jurkiewicz, Kazimierz"]
[Black "Krawiec, Stanislaw"]
[Result "0-1"]
[WhiteElo "1477"]
[BlackElo "1662"]
[PlyCount "62"]
[EventDate "2011.08.18"]
[EventType "swiss"]
[EventRounds "9"]
[EventCountry "POL"]
[SourceTitle "CBM 144 Extra"]
[Source "ChessBase"]
[SourceDate "2011.10.28"]
[SourceVersion "1"]
[SourceVersionDate "2011.10.28"]
[SourceQuality "1"]

1. d4 c6 2. Bf4 d6 3. e3 Nf6 4. h3 Nbd7 5. Nf3 e6 6. Nbd2 b5 7. b4 Nd5 8. a3 Nxf4 9. exf4 Bb7 10. Bd3 Be7 11. 0-0 Qc7 12. Qe2 0-0 13. Qe3 Rfe8 14. Rac1 Nf6 15. c3 g6 16. Bb1 Qd7 17. Rfe1 Bf8 18. Kh2 Nd5 19. Qd3 Nxf4 20. Qc2 Bg7 21. Re3 Qc7 22. Rce1 Re7 23. g3 Nh5 24. Ne4 Rae8 25. Qd3 e5 26. dxe5 dxe5 27. Nc5 Bc8 28. Qe2 f5 29. Nd4 Bh6 30. f4 Nxg3 31. Kxg3 Bxf4+ 0-1